| 000 | nkm a22 a 4500 | ||
|---|---|---|---|
| 999 |
_c212405 _d212405 |
||
| 003 | BLK | ||
| 005 | 20210212133640.0 | ||
| 008 | 180413b bul rap|r|||| r0| ||bulo| | ||
| 010 | _aKNG00215227000 | ||
| 020 | _a978-619-151-317-8 | ||
| 040 | _aBLK | ||
| 041 |
_aBUL _cBUL |
||
| 072 | 7 |
_2bullib _aН70 _xИзкуства Н |
|
| 080 |
_aРисуване. Общи въпроси _b741 _x(035) _z741(035) |
||
| 139 |
_aОбичам да рисувам _bО 13 |
||
| 245 | 1 | 0 |
_aОбичам да рисувам _bЖивотни и птици 2 : Иновативен самоучител за тониране с молив _cпрев. Милена Радева. |
| 257 | _aBGR | ||
| 260 |
_bСофтПрес _c2016 _aСофия |
||
| 300 |
_a32 с. _bс ил. _c28 см |
||
| 380 | _a7 | ||
| 500 | _aНа кор. означено кн. 3. - Името на прев. отбелязано в изд. каре | ||
| 650 | 4 |
_aРисуване - наръчници и ръководства _9342813 |
|
| 653 | _aрисуване | ||
| 653 | _aнаръчници | ||
| 653 | _aръководства | ||
| 659 | _aН | ||
| 700 | 1 |
_aРадева, Милена _eпрев. _9369662 |
|
| 852 |
_aЦб ІІ 27941 _bЦб |
||
| 856 | 4 |
_qpdf _u |
|
| 856 | 4 |
_qpdf _u |
|
| 942 |
_cGRA _n0 _s1 |
||
| 944 |
_aCR _c23.12.2017 _kВиолета_Тройчева |
||
| 944 |
_aED _c13.02.2018 _kСимона_Петрова |
||
| 999 | _d212405 | ||